000 00503nam a22001937a 4500
003 MPLRDC
005 20220104123350.0
008 210129b ||||| |||| 00| 0 eng d
020 _a962-17-0540-1
082 _a857.621 HY-3 v.3 c.2
100 _a黄易
245 _a神魔决(破碎虚空之二)
_c
250 _a第六版
260 _a
_b博益出版集团有限公司
_c1992
300 _b
490 _a黄易玄幻系列. 3
650 _a玄幻小说
942 _cBK
_o857.621 HY-3 v.3 c.2
999 _c10843
_d10833